Normal view MARC view
  • Michael A. Boles

Entry Corporate Name

Number of records used in: 2

001 - CONTROL NUMBER

  • control field: 123958

003 - CONTROL NUMBER IDENTIFIER

  • control field: NUST

005 - DATE AND TIME OF LATEST TRANSACTION

  • control field: 20240701170343.0

008 - FIXED-LENGTH DATA ELEMENTS

  • fixed length control field: 240701|| aca||aabn | a|a d

040 ## - CATALOGING SOURCE

  • Original cataloging agency: NUST
  • Transcribing agency: NUST

110 ## - HEADING--CORPORATE NAME

  • Corporate name or jurisdiction name as entry element: Michael A. Boles

670 ## - SOURCE DATA FOUND

  • Source citation: Work cat.: (NUST): Yunus A.. Cengel 13419, Thermodynamics An Engineering Approach, 2008.
© 2023 Central Library, National University of Sciences and Technology. All Rights Reserved.